Profesores, autoestima y habilidades sociales: un modelo de capacitación basado en el entrenamiento de profesores para el uso del Programa de Educación Afectiva Entre Niños y su complemento, el libro para el niño, Memorias
Enregistré dans:
| Auteurs principaux: | , , |
|---|---|
| Format: | Livre |
| Langue: | espagnol |
| Publié: |
Santiago
CIDE
2000
|
| Collection: | Documento de Trabajo Programa Familia Escuela
|
| Sujets: | |
| Tags: |
Ajouter un tag
Pas de tags, Soyez le premier à ajouter un tag!
|
MARC
| LEADER | 00000nam a2200000 a 4500 | ||
|---|---|---|---|
| 001 | UCH4752 | ||
| 003 | CL-VaPUC | ||
| 008 | 090903e20000000CL |||||||||||||||||spa|d | ||
| 082 | 0 | 4 | |a 371.11 |b ROM |2 21 |
| 100 | 0 | |a Romero B., Sabine |e author |9 540662 | |
| 700 | 0 | |a Valdés E., Ximena |e author |9 540663 | |
| 700 | 0 | |a Cepeda A., Antonia |e author |9 540664 | |
| 245 | 1 | 0 | |a Profesores, autoestima y habilidades sociales: un modelo de capacitación basado en el entrenamiento de profesores para el uso del Programa de Educación Afectiva Entre Niños y su complemento, el libro para el niño, Memorias |
| 300 | |a 64 p | ||
| 942 | |c BK | ||
| 945 | |d 20090903 00:00:00 |a rbrito | ||
| 260 | |a Santiago |b CIDE |c 2000 | ||
| 650 | 0 | |a Formación profesional de profesores |9 307493 | |
| 650 | 0 | |a Autoestima |9 308492 | |
| 650 | 0 | |a Profesores |9 308968 | |
| 650 | 0 | |a Relación profesor-alumno |9 525093 | |
| 583 | |a last modification |c 20090903 00:00:00 |k Rodrigo Vera | ||
| 490 | 0 | |a Documento de Trabajo Programa Familia Escuela | |
| 999 | |c 336023 |d 336021 | ||
| 952 | |0 0 |1 0 |4 0 |6 371_110000000000000_ROM_2000 |7 0 |8 A |9 426894 |a BIBEDU |b BIBEDU |d 2019-11-22 |i 459522K |o 371.11 ROM 2000 |p 459522K |r 2019-11-22 |w 2019-11-22 |y BK |k BME | ||